Строительство и архитектура. 1981, Вып.4: Комплексно-узловой метод организации и управления строительством крупных промышленных комплексов (Запись № 4572031)

Подробности
000 -МАРКЕР
контрольное поле 01460nam2a22002531 4500
001 - ИДЕНТИФИКАТОР ЗАПИСИ
контрольное поле RU\NLR\INFOCOMM7\5000016705
005 - ИДЕНТИФИКАТОР ВЕРСИИ
контрольное поле 20250617021600.0
035 ## - ДРУГИЕ СИСТЕМНЫЕ НОМЕРА
Идентификатор записи (NLR Aleph) 002370962
100 ## - ДАННЫЕ ОБЩЕЙ ОБРАБОТКИ
Данные общей обработки 20041202d1981 |||y0rusy50 ca
101 0# - ЯЗЫК РЕСУРСА
Язык текста, звукозаписи и т.д. русский
102 ## - СТРАНА ПУБЛИКАЦИИ ИЛИ ПРОИЗВОДСТВА
Страна публикации Российская Федерация
105 ## - ПОЛЕ КОДИРОВАННЫХ ДАННЫХ: ТЕКСТОВЫЕ МАТЕРИАЛЫ, МОНОГРАФИЧЕСКИЕ
Кодированные данные о монографическом текстовом документе y ||||000|y
200 1# - ЗАГЛАВИЕ И СВЕДЕНИЯ ОБ ОТВЕТСТВЕННОСТИ
Основное заглавие Комплексно-узловой метод организации и управления строительством крупных промышленных комплексов
Первые сведения об ответственности А.Н. Пинский
210 ## - ПУБЛИКАЦИЯ, РАСПРОСТРАНЕНИЕ И ДР.
Дата издания, распространения и т.д. 1981
Место издания, распространения и т.д. Б. м.
461 #0 - УРОВЕНЬ НАБОРА
Встроенное поле 001RU\NLR\INFOCOMM7\5000016681
-- 2001#$aСтроительство и архитектура$eОбзор. информ.$hСерия 2$iОрганизация, технология и механизация строительно-монтажных работ$fВНИИ информ. по стр-ву и архитектуре$v1981, Вып.4
Системный номер (АБИС) связанной записи 4571949
Место публикации М.
Дата публикации 1981-1982
Первые сведения об ответственности ВНИИ информ. по стр-ву и архитектуре
Номер части Серия 2
Заглавие части Организация, технология и механизация строительно-монтажных работ
Сведения, относящиеся к заглавию Обзор. информ.
Заглавие Строительство и архитектура
Номер тома 1981, Вып.4
700 #1 - ИМЯ ЛИЦА - ПЕРВИЧНАЯ ОТВЕТСТВЕННОСТЬ
Начальный элемент ввода Пинский
Часть имени, кроме начального элемента ввода А.Н.
Код отношения Автор
801 #1 - ИСТОЧНИК ЗАПИСИ
Страна Российская Федерация
Организация InfoComm
Дата составления 20041203
801 #0 - ИСТОЧНИК ЗАПИСИ
Страна Российская Федерация
Организация NLR
Правила каталогизации PSBO
852 ## - МЕСТОНАХОЖДЕНИЕ И ШИФР ХРАНЕНИЯ
Идентификатор организации NLR
Шифр хранения (Call Number) П10/5862
942 ## - ДОПОЛНИТЕЛЬНЫЕ ЭЛЕМЕНТЫ ЗАПИСИ (АБИС)
Тип экземпляра АБИС Выпуск
980 ## - КОЛЛЕКЦИЯ
Название коллекции Национальная библиография
980 ## - КОЛЛЕКЦИЯ
Название коллекции Русская периодика

Нет доступных экземпляров.